Jerry Orbach Filmography - Statistics

General Stats
  • This quiz has been taken 5 times
    4 since last reset
  • The average score is 6 of 127
Answer Stats
Type Year Name % Correct
TV Show 1991-2004 Law & Order
100%
Film 1991 Beauty and the Beast
67%
Film 1987 Dirty Dancing
67%
TV Show 1999, 2000 Law & Order: Special Victims Unit
67%
TV Show 1985-1991 Murder, She Wrote
67%
Film 1998 Belle's Magical World
33%
Film 1985 Brewster's Millions
33%
TV Show 1996, 1997, 1999 Homicide: Life on the Street
33%
TV Show 1990 Hunter
33%
TV Show 2001 Law & Order: Criminal Intent
33%
TV Show 1987-1988 The Law & Harry McGraw
33%
Theater 1980-1985 42nd Street
0%
Theater 1972-1974 6 Rms Riv Vu
0%
Film 1972 A Fan's Notes
0%
Film 1991 A Gnome Named Gnorm
0%
Film 1996 Aladdin and the King of Thieves
0%
TV Film 1980 Alex and the Doberman Gang
0%
TV Show 1994 An Evening at the Improv
0%
TV Film 1983 An Invasion of Privacy
0%
Theater 1966 Annie Get Your Gun
0%
TV Film 1967 Annie Get Your Gun
0%
Film 1997 Beauty and the Beast: The Enchanted Christmas
0%
Film 1999 Belle's Tales of Friendship
0%
TV Film 1992 Black Death
0%
TV Film 1992 Broadway Bound
0%
Documentary 2003 Broadway: The Golden Age, by the Legends Who Were There
0%
TV Show 1980 Buck Rogers in the 25th Century
0%
Film 1963 Bye Bye Birdie
0%
Film 1991 California Casanova
0%
TV Show 1964 Camera Three
0%
Theater 1961-1963 Carnival!
0%
Theater 1965 Carousel
0%
Commercial 1977 Chevrolet
0%
Theater 1975-1978 Chicago
0%
Film 2000 Chinese Coffee
0%
Film 1958 Cop Hater
0%
Film 1989 Crimes and Misdemeanors
0%
Film 1991 Dead Women in Lingerie
0%
Audiobook 1995 Death Flight
0%
Film 1991 Delirious
0%
Film 1991 Delusion
0%
TV Show 1973 Diana
0%
Video Game 2000 Disney's Beauty and the Beast Magical Ballroom
0%
TV Show 2001-2002 Disney's House of Mouse
0%
TV Mini-Series 1986 Dream West
0%
TV Show 1992 Empty Nest
0%
Documentary Series 2000-2002 Encounters with the Unexplained
0%
Film 1964 Ensign Pulver
0%
TV Film 1998 Exiled
0%
Film 1975 Fore Play
0%
TV Show 1996 Frasier
0%
Film 1986 F/X
0%
TV Show 1985, 2003 Great Performances
0%
Film 1955 Guys and Dolls
0%
Theater 1965 Guys and Dolls
0%
Film 1987 I Love N.Y.
0%
TV Film 1990 In Defense of a Married Man
0%
Film 1965 John Goldfarb, Please Come Home!
0%
TV Show 1975 Kojak
0%
TV Film 1990 Kojak: None So Blind
0%
Film 1989 Last Exit to Brooklyn
0%
TV Show 1996 Late Night with Conan O'Brien
0%
Video Game 2002 Law & Order: Dead on the Money
0%
TV Show 2005 Law & Order: Trial by Jury
0%
Video Game 2003 Law & Order: Double or Nothing
0%
Video Game 2004 Law & Order: Justice Is Served
0%
TV Show 1973 Love, American Style
0%
TV Film 1987 Love Among Thieves
0%
Film 1961 Mad Dog Coll
0%
Film 2002 Manna from Heaven
0%
Film 1955 Marty
0%
TV Film 1992 Mastergate
0%
TV Show 1975 Medical Center
0%
Theme Park Attraction 2003-Present Mickey's PhilharMagic
0%
Film 1992 Mr. Saturday Night
0%
Commercial 1999 New York State Lottery
0%
TV Show 1980-1981 One Life to Live
0%
TV Show 1985 Our Family Honor
0%
Film 1991 Out for Justice
0%
TV Mini-Series 1987 Out on a Limb
0%
TV Film 1989 Perry Mason: The Case of the Musical Murder
0%
TV Film 1991 Perry Mason: The Case of the Ruthless Reporter
0%
TV Film 1982 Plaza Suite
0%
Film 2000 Prince of Central Park
0%
Film 1981 Prince of the City
0%
Theater 1968-1972 Promises, Promises
0%
Film 2003 Protesters
0%
TV Show 1986 Reading Rainbow
0%
TV Show 1983 Ryan's Hope
0%
Theater 1967 Scuba Duba
0%
Documentary 1999 Serial Killers: Profiling the Criminal Mind
0%
TV Show 1988 Simon & Simon
0%
Film 1987 Someone to Watch Over Me
0%
Film 1992 Straight Talk
0%
Documentary 2002 Tale as Old as Time: The Making of 'Beauty and the Beast'
0%
TV Show 1987 Tales from the Darkside
0%
Commercial 1999 TD Waterhouse Group
0%
Film 1999 Temps
0%
Film 2000 The Acting Class
0%
TV Show 1986 The Adventures of the Galaxy Rangers
0%
Film 1993 The Cemetery Club
0%
Theater 1964 The Cradle Will Rock
0%
TV Show 1965 The Defenders
0%
TV Show 1963 The Doctors and the Nurses
0%
TV Show 1961 The Ed Sullivan Show
0%
Theater 1960 The Fantasticks
0%
TV Pilot 1989 The Flamingo Kid
0%
Film 1971 The Gang That Couldn't Shoot Straight
0%
TV Show 1990 The Golden Girls
0%
TV Show 1987 The Hitchhiker
0%
Film 1986 The Imagemaker
0%
TV Show 1969 The Kraft Music Hall
0%
TV Film 1983 The Magic of Herself the Elf
0%
TV Show 1967-1976 The Mike Douglas Show
0%
Theater 1967 The Natural Look
0%
Film 1977 The Sentinel
0%
TV Show 1962 The Shari Lewis Show
0%
TV Film 1984 The Streets
0%
Theater 1955-1961 The Threepenny Opera
0%
Film 1991 Toy Soldiers
0%
TV Show 1980 Trapper John, M.D.
0%
Documentary 2003 Try to Remember: The Fantasticks
0%
TV Film 1961 Twenty-Four Hours in a Woman's Life
0%
Film 1981 Underground Aces
0%
Film 1992 Universal Soldier
0%
TV Show 1990 Who's the Boss?
0%
Documentary Series 1999 You Be the Judge
0%
No matching quizzes found
Score Distribution
Percent of People with Each Score
Percentile by Number Answered
Your Score History
You have not taken this quiz since the last reset